| 000 | 00827namaa2200265 a 4500 | ||
|---|---|---|---|
| 001 | vtls001305441 | ||
| 003 | NLI | ||
| 005 | 20210627043901.0 | ||
| 008 | 120418s1980 dcu i000 0 eng | ||
| 039 | 9 |
_y201204181938 _zVLOAD |
|
| 040 | 0 |
_aNLI _cVTLS-2012_FOD _eAACR2 |
|
| 041 | 0 | _aeng | |
| 044 | _adcu | ||
| 082 | 0 | 4 | _a344.043 |
| 110 | 2 |
_aUnited States. _bDepartment of Agriculture, Education, and Welfare _9716525 |
|
| 245 | 1 | 0 |
_aImmunization : _babstracts & bibliography 1980 fiscal year |
| 260 |
_aWashington, D.C. : _bUnited States Department of Agriculture, Education, and Welfare, _c1980 |
||
| 300 |
_a85 p. ; _c23 cm. |
||
| 650 | 0 |
_aCommunity countries _9725331 |
|
| 650 | 0 |
_aImmunization _xLaw _9725332 |
|
| 887 | _a | ||
| 901 |
_aAD 142272 _b29.10.2010 |
||
| 902 | _aU.S 344.043 Un 3 | ||
| 942 |
_2ddc _cBKS |
||
| 999 |
_c596120 _d596120 |
||